Statistics for Paris True or False?

Click here to take the quiz!

General Stats

  • This quiz has been taken 106 times
  • The average score is 8 of 15

Answer Stats

QuestionAnswer% Correct
Paris is divided into arrondissementsTrue
75%
The Eiffel Tower was originally intended to be temporaryTrue
75%
The Eiffel Tower was once the tallest structure in the worldTrue
73%
The artworks Mona Lisa, the Venus de Milo and Liberty Leading the People are all on display in the LouvreTrue
70%
Most Parisians are ProtestantFalse
60%
The Bastille, an iconic fortress and prison stormed by the people during the French Revolution, is France's most visited tourist destinationFalse
60%
Paris spent most of World War II under German occupationTrue
57%
Napoleon Bonaparte was assassinated in Paris in 1815 after his defeat at WaterlooFalse
53%
Paris is the largest city in the European UnionTrue
48%
Denis Villeneuve, Timothee Chalamet and Romelu Lukaku were all born in ParisFalse
45%
Paris has the largest Jewish population of any city in EuropeTrue
40%
Paris is the largest French-speaking city in the worldFalse
35%
Gare du Nord is the busiest railway station in EuropeTrue
32%
Paris will host the Summer Olympics for a second time in 2024False
28%
After the London Underground, the Paris Metro is the oldest metro system in EuropeFalse
26%

Score Distribution

Percentile by Number Answered

Percent of People with Each Score

Your Score History

You have not taken this quiz